Platobný styk a platobná schopnosť podniku
Uložené v:
| Hlavný autor: | |
|---|---|
| Korporativný autor: | |
| Médium: | Kniha |
| Jazyk: | Slovak |
| Vydavateľské údaje: |
Bratislava
Vydavateľstvo EKONÓM
2001
|
| Predmet: | |
| Tagy: |
Žiadne tagy, Buďte prvý, kto otaguje tento záznam!
|
MARC
| LEADER | 00000nam a2200000 4500 | ||
|---|---|---|---|
| 001 | c130021 | ||
| 005 | 20221124102012.7 | ||
| 020 | |a 80-225-1480-2 | ||
| 041 | 0 | |a slo | |
| 044 | |a SK | ||
| 245 | 1 | 0 | |a Platobný styk a platobná schopnosť podniku |c Valéria Nináčová |
| 264 | 1 | |a Bratislava |b Vydavateľstvo EKONÓM |c 2001 | |
| 300 | |a 204 s. | ||
| 610 | 2 | 0 | |a styk platobný |
| 610 | 2 | 0 | |a podnik |
| 610 | 2 | 0 | |a styk platobný bezhotovostný |
| 610 | 2 | 0 | |a styk platobný medzinárodný |
| 610 | 2 | 0 | |a systémy platobné |
| 610 | 2 | 0 | |a globalizácia |
| 610 | 2 | 0 | |a euro |
| 610 | 2 | 0 | |a podmienky platobné |
| 610 | 2 | 0 | |a podmienky dodacie |
| 610 | 2 | 0 | |a inštitúcie verejnoprávne |
| 610 | 2 | 0 | |a bankovníctvo elektronické |
| 610 | 2 | 0 | |a Slovensko |
| 100 | 1 | |a Nináčová, Valéria | |
| 710 | 2 | |a Ekonomická univerzita v Bratislave. Fakulta podnikového manažmentu | |